Statistiques concernant Culture Générale - Série 1464

Cliquez ici pour prendre le quiz!

Statistiques générales

  • Ce quiz a été pris 66 fois
  • Le résultat moyen est 6 sur 10

Statistiques - réponses

Question Réponse % Correct
Quel héros de la mythologie grecque était exclusivement vulnérable au talon ?Achille
100%
Dans l'expression désignant une chose très rare, combien de pattes le mouton a-t-il ?5
93%
Sur quelle île au nord des Antilles vous trouvez-vous, si vous êtes dans la Baie des Cochons ?Cuba
90%
Selon les expressions, on dit d'une affaire très confuse que c'est un "sac d'embrouilles" ou "un sac de...noeuds
82%
Quelle liqueur alcoolique, interdite en France en 1915, surnomme-t-on la "fée verte" ?absinthe
75%
Complétez ce vers de Victor Hugo tiré des Contemplations : "Demain dès l'aube, à l'heure où blanchit...la campagne
59%
Pour son spectacle au Casino de Paris au début des années 1990, quelle célèbre accordéoniste française est habillée par Jean-Paul Gaultier ?Yvette Horner
52%
Quel est le prénom du nageur russe Popov, ancien spécialiste des épreuves de sprint en nage libre. ?Alexander
26%
Quel rosier sauvage donne des petits fruits rouge vif, autrement appelés "gratte-culs" ?églantier
23%
Quelle chanson de Michel Polnareff commence par ces mots : "Je serai pendu demain matin" ?Le Bal des Laze
16%

Distribution des résultats

Percentile par nombre de réponses

% des personnes avec chaque résultat

Votre développement - résultats

Vous n’avez pas pris ce quiz